000 00918nam a2200277 i 4500
001 125410
003 ES-MaACL
005 20260525062932.0
007 t|
008 070611s1972 sp ||||1| spa d
040 _cES-MaACL
080 _a821.134.2-31"19"
100 1 _aAlarcón, Pedro Antonio de,
_d1833-1891
_919134
_eaut
245 1 3 _aEl final de Norma /
_cPedro Antonio de Alarcón.
250 _aTercera edición
260 _aMadrid :
_bEspasa-Calpe,
_c1972.
300 _a148 páginas ;
_c18 cm.
490 1 _aColección Austral ;
_v473
500 _aBiblioteca Jacinto Martínez Lacalle.
655 0 _9234319
_aNovelas
830 1 _aColección austral
_v473
_9177655
852 _aES-MaACL
_jE-11653
_bR.139710
_9130040
_cDEPO2
_xEncuadernación rústica
942 _cMONOGRAFIA
_n0
954 _iInmaculada Vicente García
999 _c125410
_d125410